| 000 | 00665nam a2200181 i 4500 | ||
|---|---|---|---|
| 001 | 59953 | ||
| 003 | ES-MaACL | ||
| 005 | 20230906164128.0 | ||
| 007 | t| | ||
| 008 | 031031s1921 sp ||||1| spa d | ||
| 100 | 1 |
_aEskuchen, Karl. _947727 |
|
| 245 | 1 | 3 |
_aLa punción pulmonar / _ctécnica por Karl Eskuchen ; con un prólogo de M. Nonne ; traducido del alemán, previas corrección y adiciones del autor por José Mª de Corral. |
| 260 |
_aMadrid : _bCalpe, _c1921 ( _fJiménez y Molina) |
||
| 300 |
_aXX, 246 p., 2 lám. : _bil. ; _c25 cm. |
||
| 700 | 1 |
_aNonne, M. _985945 |
|
| 700 | 1 |
_aCorral, José María de ( _d1889-1971) _940715 |
|
| 852 |
_aES-MaACL _jE-1338 |
||
| 999 |
_c59953 _d59953 |
||